000 01143nam a22002777a 4500
001 BD-DhSAU 9278
003 BD-DhSAU
005 20221218104735.0
008 150613b2018 bg a|||| m||| 00| 0 eng d
040 _aBD-DhSAU
082 _222
_a630
_bF188
100 _aFALGUNI, MALIHA RAHMAN
_eRegistration No. # 14-06056
245 _aMitigation of salt stress in soybean plant at vegetative stage by exogenous application of zinc /
_bMS thesis
260 _aSher-e-Bangla Agricultural University :
_bDepartment of Agronomy,
_c2020
300 _axi, 56p. :
_bill. ;
_c30 cm.
500 _aMS thesis of Department of Agonomy, Faculty of Agriculture, Sher-e-Bangla Agricultural University, Dhaka, Bangladesh
504 _aIncludes bibliographical reference.
590 _aNazmul
650 _amitigation of salt stress
650 _asoybean plant
651 _aexogenous application of zinc
700 _aAssist. Prof. Dr. Md. Mahabub Alam
_eSuperviser
700 _aProf. Dr. Mirza Hasanuzzaman
_eCo-superviser
856 _uhttp://archive.saulibrary.edu.bd:8080/xmlui/handle/123456789/4525
942 _2ddc
_cTHESIS
999 _c16403
_d16402